<?xml version="1.0" encoding="UTF-8"?>
<collection xmlns:xsi="http://www.w3.org/2001/XMLSchema-instance" xsi:schemaLocation="http://www.loc.gov/MARC21/slim http://www.loc.gov/standards/marcxml/schema/MARC21slim.xsd" xmlns="http://www.loc.gov/MARC21/slim">
 <record>
  <leader>00000cam a22000004i 4500</leader>
  <controlfield tag="001">UP-99796217612279622</controlfield>
  <controlfield tag="003">Buklod</controlfield>
  <controlfield tag="005">20161027092759.0</controlfield>
  <controlfield tag="006">m    |o  d |      </controlfield>
  <controlfield tag="007">ta</controlfield>
  <controlfield tag="008">161027s2014    xx     d     r    |||| u|</controlfield>
  <datafield tag="020" ind1=" " ind2=" ">
   <subfield code="a">9789280812336 (pbk.)</subfield>
  </datafield>
  <datafield tag="035" ind1=" " ind2=" ">
   <subfield code="a">(iLib)UPD-00259710523</subfield>
  </datafield>
  <datafield tag="040" ind1=" " ind2=" ">
   <subfield code="a">DLC</subfield>
   <subfield code="d">DSURP</subfield>
   <subfield code="e">rda</subfield>
  </datafield>
  <datafield tag="041" ind1=" " ind2=" ">
   <subfield code="a">eng</subfield>
  </datafield>
  <datafield tag="042" ind1=" " ind2=" ">
   <subfield code="a">DMLUC</subfield>
  </datafield>
  <datafield tag="090" ind1=" " ind2=" ">
   <subfield code="a">HT 241</subfield>
   <subfield code="b">R87 2014</subfield>
  </datafield>
  <datafield tag="245" ind1="0" ind2="0">
   <subfield code="a">Rural and urban sustainability governance</subfield>
   <subfield code="c">edited by Kota Asano and Mitsuo Takada.</subfield>
  </datafield>
  <datafield tag="264" ind1=" " ind2="1">
   <subfield code="a">Tokyo</subfield>
   <subfield code="b">United Nations University Press</subfield>
   <subfield code="c">[2014]</subfield>
  </datafield>
  <datafield tag="300" ind1=" " ind2=" ">
   <subfield code="a">xx, 320 pages</subfield>
   <subfield code="b">illustrations</subfield>
   <subfield code="c">24 cm</subfield>
  </datafield>
  <datafield tag="336" ind1=" " ind2=" ">
   <subfield code="a">text</subfield>
   <subfield code="2">rdacontent</subfield>
  </datafield>
  <datafield tag="337" ind1=" " ind2=" ">
   <subfield code="a">unmediated</subfield>
   <subfield code="2">rdamedia</subfield>
  </datafield>
  <datafield tag="338" ind1=" " ind2=" ">
   <subfield code="a">volume</subfield>
   <subfield code="2">rdacarrier</subfield>
  </datafield>
  <datafield tag="505" ind1="0" ind2=" ">
   <subfield code="a">List of figures -- List of tables -- List of contributors -- Preface -- Introduction / Kota Asano and Mitsuo Takada -- Theory and methodology -- On the sustainability of a common property resource : an implication from dynamic game theory / Ken-Ichi Akao and Gerhard Sorger -- Non-point source pollution and the second best taxation on pesticide / Ayumi Onuma and Hideyuki Akaishi -- The investment in social capital through rural development policy in Japan / Kyohei Matsushita -- Effects of local waste taxation and trade restrictions on industrial waste flow in Japan / Toshiaki Sasao -- Cross-national individual differences in environmental attitudes with special reference to risk and time preferences / Atsushi Maruyama -- Economic valuation for the sustainable use of ecosystem services / Kentaro Yoshida -- Case studies/rural sustainability -- Challenges to rural sustainability in the management of recovered beaver populations / Yukichika Kawata and JÄünis OzolinÃÅí -- Land management issues in depopulated areas of Japan / Yoshiaki Iiguni -- Necessity of multilevel governance for marine protected areas (MPAs) : an analysis from its functions and the &quot;cost of commons&quot; / Teruyuki Shinbo, Raul G. Bradecina and Yoshinori Morooka -- Japanese coastal fishery resource management and fishery rights system / Xiaobo Lou -- Case studies/urban sustainability -- Sustainability in housing complex revitalization : &quot;machi-zukuri&quot; utilizing a scenario-based approach / Mitsuo Takada -- Landscape planning and local governance to deliver sustainable development / Hisako Koura -- Environmental governance of dwellings of a small-scale community along a historical alley in Kyoto city / Sachiko Morishige -- Effects of mobility management on promoting the use of community buses managed by civic collaboration / Nobuhiko Matsumura -- Public transport provided by local dwellers for maintaining their daily life in a rural area / Hiroto Inoi -- Towards sustainable regeneration? an integrated social, economic and environmental way of greening former industrial areas -- The case of St Helens, UK / Tomoko Miyagawa -- Ownership and uses of communal space in courtyard style settlements of Patan city, Nepal / Lata Shakya -- Roles of microfinance in critical environmental transition by natural disaster : case study of resettlement after the Indian ocean tsunami in 2004 / Masahiro Maeda -- Index -- Figures.</subfield>
  </datafield>
  <datafield tag="650" ind1=" " ind2="0">
   <subfield code="a">Sustainable urban development</subfield>
   <subfield code="x">Government policy.</subfield>
  </datafield>
  <datafield tag="650" ind1=" " ind2="0">
   <subfield code="a">Communities</subfield>
   <subfield code="x">Environmental aspects.</subfield>
  </datafield>
  <datafield tag="700" ind1="1" ind2=" ">
   <subfield code="a">Takada, Mitsuo</subfield>
   <subfield code="e">editor of compilation.</subfield>
  </datafield>
  <datafield tag="700" ind1="1" ind2=" ">
   <subfield code="a">Asano, Kōta</subfield>
   <subfield code="d">1962-</subfield>
   <subfield code="e">editor of compilation.</subfield>
  </datafield>
  <datafield tag="905" ind1=" " ind2=" ">
   <subfield code="a">FO</subfield>
  </datafield>
  <datafield tag="852" ind1="0" ind2=" ">
   <subfield code="a">UPD</subfield>
   <subfield code="b">DSURP</subfield>
   <subfield code="h">HT241 R87 2014</subfield>
  </datafield>
  <datafield tag="942" ind1=" " ind2=" ">
   <subfield code="a">Book</subfield>
  </datafield>
 </record>
</collection>
